As Montadoras de Carros mais Valiosas do Mundo - Statistics

Estatísticas Gerais
  • Esse quiz foi jogado 410 vezes
  • A pontuação média é 8 de 15
Estatísticas das Respostas
VALOR
US$ BI
Montadora % Correto
6,379 Ferrari
85%
12,568 Ford
79%
39,756 BMW
73%
51,595 Toyota
72%
12,267 Volkswagen
72%
21,694 Honda
64%
12,428 Audi
59%
49,268 Mercedes-Benz
55%
14,295 Hyundai
52%
11,301 Porsche
47%
10,553 Nissan
43%
12,785 Tesla
36%
5,830 Kia
33%
5,077 Land Rover
19%
4,965 Mini
8%
Nenhum quiz correspondente encontrado
Distribuição das Pontuações
Porcentagem de Pessoas com Cada Pontuação
Percentil de Números Respondidos
Sua Pontuação Histórica
Você não jogou esse quiz